INTRODUCTION TO DATA COMMUNICATION AND NETWORKING / (Record no. 588399)

000 -LEADER
fixed length control field 00334nam a22001337a 4500
020 ## - INTERNATIONAL STANDARD BOOK NUMBER
Qualifying information PB.
040 ## - CATALOGING SOURCE
Transcribing agency FIZZA ISHAQ
082 ## - DEWEY DECIMAL CLASSIFICATION NUMBER
Classification number 004.6
Author Mark WAY
100 ## - MAIN ENTRY--PERSONAL NAME
Personal name TOMASI, WAYNE.
9 (RLIN) 89917
245 ## - TITLE STATEMENT
Title INTRODUCTION TO DATA COMMUNICATION AND NETWORKING /
Statement of responsibility, etc. WAYNE TOMASI.
260 ## - PUBLICATION, DISTRIBUTION, ETC.
Name of publisher, distributor, etc. PEARSON,
Date of publication, distribution, etc. 2005.
300 ## - PHYSICAL DESCRIPTION
Extent 967 P. ;
942 ## - ADDED ENTRY ELEMENTS (KOHA)
Source of classification or shelving scheme
Koha item type Book
Holdings
Withdrawn status Lost status Source of classification or shelving scheme Damaged status Not for loan Permanent Location Current Location Date acquired Total Checkouts Full call number Barcode Date last seen Price effective from Koha item type
          NUST Baluchistan Campus (NBC) NUST Baluchistan Campus (NBC) 02/28/2022   004.6 WAY Q-2725 02/28/2022 02/28/2022 Book
© 2023 Central Library, National University of Sciences and Technology. All Rights Reserved.